Żeńskie Imiona na literę B - Statystyki

Ogólne statystyki
  • Ten quiz został rozwiązany 488 razy
  • Średni wynik to 8 z 20
Statystyki odpowiedzi
Odpowiedź % Poprawnych
Barbara
98%
Beata
81%
Bożena
74%
Bogumiła
68%
Bogusława
67%
Bronisława
57%
Blanka
56%
Bernadeta
50%
Bianka
47%
Bogna
47%
Bolesława
36%
Balbina
29%
Brygida
29%
Benedykta
18%
Bernarda
12%
Berta
12%
Balladyna
4%
Bernardyna
4%
Benita
2%
Betina
1%
Nie znaleziono quizów pasujących do podanych kryteriów
Rozkład punktacji
Procent ludzi z każdym wynikiem
Percentyl według liczby udzielonych odpowiedzi
Twoja historia wyników
Nie rozwiązałeś tego quizu